Statistics for US States by Highest Lowest Elevation

Click here to take the quiz!

General Stats

  • This quiz has been taken 19 times
  • The average score is 10 of 10

Answer Stats

HintAnswer% Correct
1Colorado
100%
9Idaho
100%
8North Dakota
100%
2Wyoming
100%
5Montana
94%
7Nebraska
94%
3New Mexico
94%
6South Dakota
94%
4Utah
94%
10Kansas
89%

Score Distribution

Percentile by Number Answered

Percent of People with Each Score

Your Score History

You have not taken this quiz